UBT Library

Hyrje në shkencat politike : (Record no. 1139)

000 -LEADER
fixed length control field 00847nam a22002537a 4500
008 - FIXED-LENGTH DATA ELEMENTS--GENERAL INFORMATION
fixed length control field 150722b xxu||||| |||| 00| 0 alb d
020 ## - INTERNATIONAL STANDARD BOOK NUMBER
International Standard Book Number 9789995673635
041 0# - LANGUAGE CODE
Language code of text/sound track or separate title alb
080 ## - UNIVERSAL DECIMAL CLASSIFICATION NUMBER
Universal Decimal Classification number 32
Common auxiliary subdivision (4/9)
100 ## - Rafti
Rafti Shiveley, W. Phillips ;
245 ## - TITLE STATEMENT
Title Hyrje në shkencat politike :
Statement of responsibility, etc W. Phillips Shiveley.
260 ## -
-- Tiranë :
-- ACFR,
-- 2010.
300 ## -
-- XIII,581 f. :
-- me il. ;
-- 23 cm.
490 ## -
-- Biblioteka e Marrëdhënieve Ndërkombëtare dhe Historisë
500 ## -
-- Tit. origj.: Power & choice : an introduction to political science.
500 ## -
-- Parathënie: f. XV
505 ## -
-- Index: f. 560-581
650 #0 -
-- Politika botërore
650 #0 -
-- Pushteti (Shkenca shoqërore)
650 #0 -
-- Zgjedhje
650 #0 -
-- Parti politike
650 #0 -
-- Marrëdhënie ndërkombëtare
942 ## - ADDED ENTRY ELEMENTS (KOHA)
Source of classification or shelving scheme
Item type Books
Holdings
Withdrawn status Lost status Source of classification or shelving scheme Damaged status Not for loan Collection code Permanent location Current location Shelving location Date acquired Total Checkouts Full call number Date last seen Price effective from Koha item type
          Koleksioni i përgjithshem UBT - Prishtine UBT - Prishtine Koleksioni i përgjithshem 07/22/2015   32 (4/9) SHIV 07/22/2015 07/22/2015 Books
UBT Library © 2015-2024. All rights reserved University Education for Business and Technology